<?xml version="1.0" encoding="UTF-8"?>
<record
    xmlns:xsi="http://www.w3.org/2001/XMLSchema-instance"
    xsi:schemaLocation="http://www.loc.gov/MARC21/slim http://www.loc.gov/standards/marcxml/schema/MARC21slim.xsd"
    xmlns="http://www.loc.gov/MARC21/slim">

  <leader>03116nam a22003857a 4500</leader>
  <controlfield tag="005">20100629141657.0</controlfield>
  <datafield tag="010" ind1=" " ind2=" ">
    <subfield code="a">HIN-89588     B-433600-608</subfield>
  </datafield>
  <datafield tag="020" ind1=" " ind2=" ">
    <subfield code="a">9789350002490</subfield>
    <subfield code="c">595.00</subfield>
  </datafield>
  <datafield tag="035" ind1=" " ind2=" ">
    <subfield code="a">HN-61934</subfield>
  </datafield>
  <datafield tag="035" ind1=" " ind2=" ">
    <subfield code="a">B-433600-608</subfield>
  </datafield>
  <datafield tag="037" ind1=" " ind2=" ">
    <subfield code="b">DBAD / PUB</subfield>
  </datafield>
  <datafield tag="037" ind1=" " ind2=" ">
    <subfield code="b">&#x92C;&#x932;&#x94D;&#x92F;&#x942; &#x92C;&#x948;&#x930;&#x940;</subfield>
  </datafield>
  <datafield tag="082" ind1=" " ind2=" ">
    <subfield code="a">&#x909;</subfield>
  </datafield>
  <datafield tag="100" ind1=" " ind2=" ">
    <subfield code="a">&#x92E;&#x939;&#x93E;&#x91C;&#x928;, &#x915;&#x935;&#x93F;&#x924;&#x93E;</subfield>
    <subfield code="9">29891</subfield>
  </datafield>
  <datafield tag="245" ind1=" " ind2=" ">
    <subfield code="a">&#x91A;&#x942;&#x901; /</subfield>
    <subfield code="c">&#x915;&#x935;&#x93F;&#x924;&#x93E; &#x92E;&#x939;&#x93E;&#x91C;&#x928;; &#x938;&#x94D;&#x92E;&#x93F;&#x924;&#x93E; &#x926;&#x93E;&#x924;&#x94D;&#x92F;&#x947; &#x926;&#x94D;&#x935;&#x93E;&#x930;&#x93E; &#x905;&#x928;&#x941;&#x926;&#x93F;&#x924;</subfield>
  </datafield>
  <datafield tag="246" ind1=" " ind2=" ">
    <subfield code="a">Choon/</subfield>
    <subfield code="b">by Kavita Mahajan; ed. by Smita Datyai</subfield>
  </datafield>
  <datafield tag="260" ind1=" " ind2=" ">
    <subfield code="a">&#x928;&#x908; &#x926;&#x93F;&#x932;&#x94D;&#x932;&#x940;</subfield>
    <subfield code="b">&#x935;&#x93E;&#x923;&#x940; &#x92A;&#x94D;&#x930;&#x915;&#x93E;&#x936;&#x928;</subfield>
    <subfield code="c">2010</subfield>
  </datafield>
  <datafield tag="270" ind1=" " ind2=" ">
    <subfield code="a">4695,21-&#x90F;, &#x926;&#x930;&#x93F;&#x92F;&#x93E;&#x917;&#x902;&#x91C;</subfield>
    <subfield code="b">&#x928;&#x908; &#x926;&#x93F;&#x932;&#x94D;&#x932;&#x940;</subfield>
    <subfield code="e">110002</subfield>
  </datafield>
  <datafield tag="300" ind1=" " ind2=" ">
    <subfield code="a">436&#x92A;&#x943;</subfield>
    <subfield code="c">22&#x938;&#x947;&#x92E;&#x940; (&#x938;&#x91C;&#x93F;&#x932;&#x94D;&#x926;)</subfield>
  </datafield>
  <datafield tag="650" ind1=" " ind2=" ">
    <subfield code="a">&#x939;&#x93F;&#x928;&#x94D;&#x926;&#x940; &#x915;&#x925;&#x93E; &#x938;&#x93E;&#x939;&#x93F;&#x924;&#x94D;&#x92F;</subfield>
    <subfield code="9">657</subfield>
  </datafield>
  <datafield tag="650" ind1=" " ind2=" ">
    <subfield code="a">hindi fiction</subfield>
    <subfield code="9">29892</subfield>
  </datafield>
  <datafield tag="700" ind1=" " ind2=" ">
    <subfield code="a">&#x926;&#x93E;&#x924;&#x94D;&#x92F;&#x947;, &#x938;&#x94D;&#x92E;&#x93F;&#x924;&#x93E;</subfield>
    <subfield code="9">19663</subfield>
  </datafield>
  <datafield tag="942" ind1=" " ind2=" ">
    <subfield code="2">ddc</subfield>
    <subfield code="c">HN</subfield>
    <subfield code="m">&#x92E;&#x939;&#x93E;&#x91C;</subfield>
    <subfield code="h">&#x909;</subfield>
  </datafield>
  <datafield tag="999" ind1=" " ind2=" ">
    <subfield code="c">36776</subfield>
    <subfield code="d">36776</subfield>
  </datafield>
  <datafield tag="952" ind1=" " ind2=" ">
    <subfield code="0">0</subfield>
    <subfield code="1">0</subfield>
    <subfield code="2">ddc</subfield>
    <subfield code="4">0</subfield>
    <subfield code="7">1</subfield>
    <subfield code="8">NFIC</subfield>
    <subfield code="a">DBAD</subfield>
    <subfield code="b">DBAD</subfield>
    <subfield code="d">2010-06-30</subfield>
    <subfield code="e">DBAD / PUB</subfield>
    <subfield code="g">595.00</subfield>
    <subfield code="l">0</subfield>
    <subfield code="o">&#x92E;&#x939;&#x93E;&#x91C;</subfield>
    <subfield code="p">HN-61934</subfield>
    <subfield code="r">2010-06-30 00:00:00</subfield>
    <subfield code="t">1</subfield>
    <subfield code="v">595.00</subfield>
    <subfield code="w">2010-06-30</subfield>
    <subfield code="y">HN</subfield>
  </datafield>
  <datafield tag="952" ind1=" " ind2=" ">
    <subfield code="0">0</subfield>
    <subfield code="1">0</subfield>
    <subfield code="4">0</subfield>
    <subfield code="7">0</subfield>
    <subfield code="8">FIC</subfield>
    <subfield code="a">L</subfield>
    <subfield code="b">L</subfield>
    <subfield code="d">2011-07-22</subfield>
    <subfield code="e">&#x92C;&#x932;&#x94D;&#x92F;&#x942; &#x92C;&#x948;&#x930;&#x940;/6362/25.3.11/79/15.3.11/31.3.11</subfield>
    <subfield code="g">595.00</subfield>
    <subfield code="l">1</subfield>
    <subfield code="o">&#x909; &#x92E;&#x939;&#x93E;&#x91C;</subfield>
    <subfield code="p">B-433600</subfield>
    <subfield code="r">2026-04-10 10:53:24</subfield>
    <subfield code="s">2026-03-28</subfield>
    <subfield code="t">2</subfield>
    <subfield code="v">595.00</subfield>
    <subfield code="w">2011-07-22</subfield>
    <subfield code="y">HN</subfield>
  </datafield>
  <datafield tag="952" ind1=" " ind2=" ">
    <subfield code="0">0</subfield>
    <subfield code="1">0</subfield>
    <subfield code="4">0</subfield>
    <subfield code="7">0</subfield>
    <subfield code="8">FIC</subfield>
    <subfield code="a">L</subfield>
    <subfield code="b">L</subfield>
    <subfield code="d">2011-07-22</subfield>
    <subfield code="e">&#x92C;&#x932;&#x94D;&#x92F;&#x942; &#x92C;&#x948;&#x930;&#x940;/6362/25.3.11/79/15.3.11/31.3.11</subfield>
    <subfield code="g">595.00</subfield>
    <subfield code="l">1</subfield>
    <subfield code="o">&#x909; &#x92E;&#x939;&#x93E;&#x91C;</subfield>
    <subfield code="p">B-433601</subfield>
    <subfield code="r">2019-08-16 00:00:00</subfield>
    <subfield code="s">2019-08-03</subfield>
    <subfield code="t">2</subfield>
    <subfield code="v">595.00</subfield>
    <subfield code="w">2011-07-22</subfield>
    <subfield code="y">HN</subfield>
  </datafield>
  <datafield tag="952" ind1=" " ind2=" ">
    <subfield code="0">0</subfield>
    <subfield code="1">0</subfield>
    <subfield code="4">0</subfield>
    <subfield code="7">0</subfield>
    <subfield code="8">FIC</subfield>
    <subfield code="a">BL1</subfield>
    <subfield code="b">BL1</subfield>
    <subfield code="d">2011-07-22</subfield>
    <subfield code="e">&#x92C;&#x932;&#x94D;&#x92F;&#x942; &#x92C;&#x948;&#x930;&#x940;/6362/25.3.11/79/15.3.11/31.3.11</subfield>
    <subfield code="g">595.00</subfield>
    <subfield code="l">4</subfield>
    <subfield code="m">2</subfield>
    <subfield code="o">&#x909; &#x92E;&#x939;&#x93E;&#x91C;</subfield>
    <subfield code="p">B-433602</subfield>
    <subfield code="r">2026-04-09 11:32:31</subfield>
    <subfield code="s">2026-04-01</subfield>
    <subfield code="t">1</subfield>
    <subfield code="v">595.00</subfield>
    <subfield code="w">2011-07-22</subfield>
    <subfield code="y">HN</subfield>
  </datafield>
  <datafield tag="952" ind1=" " ind2=" ">
    <subfield code="0">1</subfield>
    <subfield code="1">0</subfield>
    <subfield code="4">0</subfield>
    <subfield code="7">0</subfield>
    <subfield code="8">FIC</subfield>
    <subfield code="a">JP</subfield>
    <subfield code="b">JP</subfield>
    <subfield code="d">2011-07-22</subfield>
    <subfield code="e">&#x92C;&#x932;&#x94D;&#x92F;&#x942; &#x92C;&#x948;&#x930;&#x940;/6362/25.3.11/79/15.3.11/31.3.11</subfield>
    <subfield code="g">595.00</subfield>
    <subfield code="l">16</subfield>
    <subfield code="m">2</subfield>
    <subfield code="o">&#x909; &#x92E;&#x939;&#x93E;&#x91C;</subfield>
    <subfield code="p">B-433603</subfield>
    <subfield code="r">2019-09-28 00:00:00</subfield>
    <subfield code="s">2019-09-26</subfield>
    <subfield code="t">1</subfield>
    <subfield code="v">595.00</subfield>
    <subfield code="w">2011-07-22</subfield>
    <subfield code="y">HN</subfield>
  </datafield>
  <datafield tag="952" ind1=" " ind2=" ">
    <subfield code="0">0</subfield>
    <subfield code="1">0</subfield>
    <subfield code="4">0</subfield>
    <subfield code="7">0</subfield>
    <subfield code="8">FIC</subfield>
    <subfield code="a">ZLS</subfield>
    <subfield code="b">ZLS</subfield>
    <subfield code="d">2011-07-22</subfield>
    <subfield code="e">&#x92C;&#x932;&#x94D;&#x92F;&#x942; &#x92C;&#x948;&#x930;&#x940;/6362/25.3.11/79/15.3.11/31.3.11</subfield>
    <subfield code="g">595.00</subfield>
    <subfield code="l">0</subfield>
    <subfield code="o">&#x909; &#x92E;&#x939;&#x93E;&#x91C;</subfield>
    <subfield code="p">B-433604</subfield>
    <subfield code="r">2011-07-22 00:00:00</subfield>
    <subfield code="t">1</subfield>
    <subfield code="v">595.00</subfield>
    <subfield code="w">2011-07-22</subfield>
    <subfield code="y">HN</subfield>
  </datafield>
  <datafield tag="952" ind1=" " ind2=" ">
    <subfield code="0">0</subfield>
    <subfield code="1">0</subfield>
    <subfield code="4">0</subfield>
    <subfield code="7">0</subfield>
    <subfield code="8">FIC</subfield>
    <subfield code="a">VP</subfield>
    <subfield code="b">VP</subfield>
    <subfield code="d">2011-07-22</subfield>
    <subfield code="e">&#x92C;&#x932;&#x94D;&#x92F;&#x942; &#x92C;&#x948;&#x930;&#x940;/6362/25.3.11/79/15.3.11/31.3.11</subfield>
    <subfield code="g">595.00</subfield>
    <subfield code="l">8</subfield>
    <subfield code="o">&#x909; &#x92E;&#x939;&#x93E;&#x91C;</subfield>
    <subfield code="p">B-433605</subfield>
    <subfield code="r">2020-03-06 00:00:00</subfield>
    <subfield code="s">2020-02-17</subfield>
    <subfield code="t">1</subfield>
    <subfield code="v">595.00</subfield>
    <subfield code="w">2011-07-22</subfield>
    <subfield code="y">HN</subfield>
  </datafield>
  <datafield tag="952" ind1=" " ind2=" ">
    <subfield code="0">0</subfield>
    <subfield code="1">0</subfield>
    <subfield code="4">0</subfield>
    <subfield code="7">0</subfield>
    <subfield code="8">FIC</subfield>
    <subfield code="a">BL3</subfield>
    <subfield code="b">BL3</subfield>
    <subfield code="d">2011-07-22</subfield>
    <subfield code="e">&#x92C;&#x932;&#x94D;&#x92F;&#x942; &#x92C;&#x948;&#x930;&#x940;/6362/25.3.11/79/15.3.11/31.3.11</subfield>
    <subfield code="g">595.00</subfield>
    <subfield code="l">0</subfield>
    <subfield code="o">&#x909; &#x92E;&#x939;&#x93E;&#x91C;</subfield>
    <subfield code="p">B-433606</subfield>
    <subfield code="r">2011-07-22 00:00:00</subfield>
    <subfield code="t">1</subfield>
    <subfield code="v">595.00</subfield>
    <subfield code="w">2011-07-22</subfield>
    <subfield code="y">HN</subfield>
  </datafield>
  <datafield tag="952" ind1=" " ind2=" ">
    <subfield code="0">4</subfield>
    <subfield code="1">0</subfield>
    <subfield code="4">0</subfield>
    <subfield code="7">0</subfield>
    <subfield code="8">FIC</subfield>
    <subfield code="a">NR</subfield>
    <subfield code="b">NR</subfield>
    <subfield code="d">2011-07-22</subfield>
    <subfield code="e">&#x92C;&#x932;&#x94D;&#x92F;&#x942; &#x92C;&#x948;&#x930;&#x940;/6362/25.3.11/79/15.3.11/31.3.11</subfield>
    <subfield code="g">595.00</subfield>
    <subfield code="l">0</subfield>
    <subfield code="o">&#x909; &#x92E;&#x939;&#x93E;&#x91C;</subfield>
    <subfield code="p">B-433607</subfield>
    <subfield code="r">2011-07-22 00:00:00</subfield>
    <subfield code="t">1</subfield>
    <subfield code="v">595.00</subfield>
    <subfield code="w">2011-07-22</subfield>
    <subfield code="y">HN</subfield>
    <subfield code="z">Written off on approval by DLB (By Circulation); dtd 20.12.2022</subfield>
  </datafield>
  <datafield tag="952" ind1=" " ind2=" ">
    <subfield code="0">0</subfield>
    <subfield code="1">0</subfield>
    <subfield code="4">0</subfield>
    <subfield code="7">0</subfield>
    <subfield code="8">FIC</subfield>
    <subfield code="a">BL4</subfield>
    <subfield code="b">BL4</subfield>
    <subfield code="d">2011-07-22</subfield>
    <subfield code="e">&#x92C;&#x932;&#x94D;&#x92F;&#x942; &#x92C;&#x948;&#x930;&#x940;/6362/25.3.11/79/15.3.11/31.3.11</subfield>
    <subfield code="g">595.00</subfield>
    <subfield code="l">0</subfield>
    <subfield code="o">&#x909; &#x92E;&#x939;&#x93E;&#x91C;</subfield>
    <subfield code="p">B-433608</subfield>
    <subfield code="r">2011-07-22 00:00:00</subfield>
    <subfield code="t">1</subfield>
    <subfield code="v">595.00</subfield>
    <subfield code="w">2011-07-22</subfield>
    <subfield code="y">HN</subfield>
  </datafield>
</record>
